| 000 | 01069pam a2200349 a 4500 | ||
|---|---|---|---|
| 001 | data | ||
| 005 | 20260322212102.0 | ||
| 008 | data | ||
| 035 | _a1460985 | ||
| 906 |
_a7 _bcbc _corignew _d1 _eocip _f19 _gy-gencatlg |
||
| 010 | _a 86012914 | ||
| 020 |
_a0443034079 (pbk.) : _c£20.00 (U.K.) |
||
| 020 | _a9780443034077 | ||
| 035 | _9(DLC) 86012914 | ||
| 040 |
_aDNLM/DLC _cDLC _dDLC |
||
| 050 | 0 | 0 |
_aRM300 _b.R35 1987 |
| 060 | _aQV 4 R196p | ||
| 082 | 0 | 0 |
_a615/.1 _219 |
| 100 | 1 | _aRang, H. P. | |
| 245 | 1 | 0 |
_aPharmacology / _cH.P. Rang, M.M. Dale. |
| 260 |
_aNew York : _aNew York : _bChurchill Livingstone, _c1987. |
||
| 300 |
_axiv, 736 p. : _bill. ; _c21 cm.. |
||
| 336 |
_atext _btxt _2rdacontent |
||
| 337 |
_aunmediated _bn _2rdamedia |
||
| 338 |
_avolume _bnc _2rdacarrier |
||
| 504 | _aIncludes bibliographies and index. | ||
| 650 | 0 | _aPharmacology. | |
| 650 | 2 | _aPharmacology. | |
| 700 | 1 | _aDale, M. Maureen. | |
| 991 |
_bc-GenColl _hRM300 _i.R35 1987 _p00025916232 _tCopy 1 _wBOOKS |
||
| 999 |
_c1486 _d1486 |
||